7 [i.e. Séptima] Bienal Internacional del Cartel en México = Siódme Miedzynarodowe Biennale Plakatu Meksyku = Seventh International Biennial of the Poster in Mexico. (Record no. 902)

MARC details
000 -CABECERA
campo de control de longitud fija 01058nam a2200205 a 4500
001 - NÚMERO DE CONTROL
campo de control BRCA_1022
005 - FECHA Y HORA DE LA ÚLTIMA TRANSACCIÓN
campo de control 20190320203239.0
008 - DATOS DE LONGITUD FIJA--INFORMACIÓN GENERAL
campo de control de longitud fija 111105s2002----mx-a---###---#000-0#spa-d
050 #4 - SIGNATURA TOPOGRÁFICA DE LA BIBLIOTECA DEL CONGRESO
Número de clasificación NC1807.M4
Número de documento/Ítem .B54 7
-- 2002
245 10 - MENCIÓN DE TÍTULO
Título 7 [i.e. Séptima] Bienal Internacional del Cartel en México = Siódme Miedzynarodowe Biennale Plakatu Meksyku = Seventh International Biennial of the Poster in Mexico.
260 ## - PUBLICACIÓN, DISTRIBUCIÓN, ETC.
Lugar de publicación, distribución, etc. México
Nombre del editor, distribuidor, etc. Fonda Nacional para la Cultura y las Artes : Trama Visual AC : UAM : Ministerio de Cultura de la República de Polonia : ICOGRODA
Fecha de publicación, distribución, etc. 2002
300 ## - DESCRIPCIÓN FÍSICA
Extensión 202 p.
Otras características físicas il. a color
Dimensiones 30 cm.
500 ## - NOTA GENERAL
Nota general Catálogo de la exposición realizada en el Museo Franz Mayer (Ciudad de México), 28 octubre, 2002 - 30 enero, 2003
546 ## - NOTA DE LENGUA/LENGUAJE
Nota de lengua/lenguaje Texto en : español, inglés y polaco
650 14 - PUNTO DE ACCESO ADICIONAL DE MATERIA--TÉRMINO DE MATERIA
Término de materia o nombre geográfico como elemento de entrada Carteles
Subdivisión de forma Concursos
Subdivisión general Diseño
Subdivisión geográfica México
9 (RLIN) 3362
650 14 - PUNTO DE ACCESO ADICIONAL DE MATERIA--TÉRMINO DE MATERIA
Término de materia o nombre geográfico como elemento de entrada Diseñadores gráficos
Subdivisión de forma Exposiciones
Subdivisión geográfica México
9 (RLIN) 3363
740 0# - PUNTO DE ACCESO ADICIONAL--TÍTULO RELACIONADO O ANALÍTICO NO CONTROLADO
Título relacionado o analítico no controlado Siódme Miedzynarodowe Biennale Plakatu Meksyku
740 0# - PUNTO DE ACCESO ADICIONAL--TÍTULO RELACIONADO O ANALÍTICO NO CONTROLADO
Título relacionado o analítico no controlado Seventh International Biennial of the Poster in Mexico
942 ## - ELEMENTOS DE PUNTO DE ACCESO ADICIONAL (KOHA)
Fuente del sistema de clasificación o colocación Library of Congress Classification
Tipo de ítem Koha Libros
Holdings
Estado de retiro Estado de pérdida Estado dañado No para préstamo Localización permanente Ubicación/localización actual Fecha de adquisición Total de préstamos Signatura topográfica completa Código de barras Fecha visto por última vez Precio válido a partir de Tipo de ítem Koha
El ejemplar forma parte de la colección y puede ser consultado según las políticas vigentes.       Biblioteca del Museo Franz Mayer (Rogerio Casas-Alatriste) Biblioteca del Museo Franz Mayer (Rogerio Casas-Alatriste) 26/06/2008   NC1807.M4 .B54 7 2002 01510 22/03/2019 22/03/2019 Libros